000 00709nam a2200193 4500
001 0000057241
005 20250821142654.0
008 180906s1998 000 0 eng d
040 _aCO-CtgCURN
_bspa
_ccoctgcurn
082 0 _a370.986
_bB142e
100 1 _aBaez Ramírez, Javier Eduardo.
245 1 3 _aLa educación basica y media en la Costa Caribe /
_cJavier Eduardo Baez Ramire: Gustavo Duncan Cruz.
260 _aCartagena de Indias: Bolívar :
_bUniversidad Jorge Tadeo Lozano,
_c1998.
300 _a111 p. ;
_c24 cm.
650 0 _aEducación
_zColombia.
908 _a180904
942 _2DDC
_cCTG
_h370.986
_iB142e
999 _c49434
_d49434
_x1